000 004530000a22001690004500
003 MACL
005 20160101143340.0
008 160101b xxu||||| |||| 00| 0 eng d
040 _aMACL
_cMACL
041 _aEnglish
082 _a420.430/SON
100 _aSouthgate , George W
_926447
245 _aA Text Book of Modern English History
260 _bJ M Dent & Sons LTD
_c1960
_aLondon
650 _aLinguistcs
_926334
942 _cBK
_k420.430/Sou
_2ddc
999 _c35134
_d35134